000 00855nam a2200241Ia 4500
003 OSt
005 20220923214602.0
006 a|||||r|||| 00| 0
007 ta
008 220922b |||||||| |||| 00| 0 hin d
024 _a171,077
037 _cTextual
040 _aARTS
_cARTS
_bhin
041 _2hin
_ahin
082 _aO152:3N14:9, J61-;2-;3 (TTPH)
100 _aतिवारी, सुरेश चन्द्र
245 0 _aयशपाल और हिन्दी कथा साहित्य
246 _aYashapāl aur hindī kathā sāhitya
260 _aइलाहाबाद
_b सरस्वती प्रेस
_c1973
300 _a189पृ.
_ccm.
942 _hO152:3N14:9, J61-;2-;3 (TTPH)
_cTEXL
_2CC
999 _c325302
_d325302